Années 1970... ou 1980 ? - Statistiques

Statistiques générales
  • Ce quiz a été pris 9 069 fois
  • Le résultat moyen est 10 sur 15
Statistiques - réponses
Question Réponse % Correct
Chute du Mur de Berlin Années 1980
94%
Fin de la guerre du Viêt Nam Années 1970
84%
Michael Jackson popularise le Moonwalk Années 1980
79%
Le chanteur Christophe enregistre "Les mots bleus" Années 1970
76%
La révolution des Œillets a lieu au Portugal Années 1970
73%
"E.T., l'extraterrestre" sort en salles Années 1980
73%
François Mitterrand est élu pour la première fois président de la République française Années 1980
73%
L'Équipe de France de football est championne d'Europe pour la première fois Années 1980
72%
Le Minitel est commercialisé pour la première fois auprès du grand public Années 1980
70%
"Le Parrain" sort en salles Années 1970
69%
Invention du Rubik's Cube Années 1970
64%
Massacre de la place Tiananmen Années 1980
58%
L'Opéra rock "Starmania" est créé Années 1970
45%
La société Apple commercialise son premier ordinateur Années 1970
41%
Invention de Tetris Années 1980
40%
Aucun quiz correspondant
Distribution des résultats
% des personnes avec chaque résultat
Percentile par nombre de réponses
Votre historique - résultats
Vous n’avez pas pris ce quiz